Normal view MARC view

Entry Personal Name

Number of records used in: 1

001 - CONTROL NUMBER

  • control field: 79364

003 - CONTROL NUMBER IDENTIFIER

  • control field: dpl

005 - DATE AND TIME OF LATEST TRANSACTION

  • control field: 20250307102433.0

008 - FIXED-LENGTH DATA ELEMENTS

  • fixed length control field: 250307|| aca||aabn | a|a d

040 ## - CATALOGING SOURCE

  • Original cataloging agency: dpl
  • Transcribing agency: dpl

100 ## - HEADING--PERSONAL NAME

  • Personal name: गुसाईवाल, छिगनलाल

670 ## - SOURCE DATA FOUND

  • Source citation: Work cat.: (dpl)209945: गुसाईवाल, छिगनलाल, रैगर समुदाय के वास्तविक गोत्र/, 2024

© Delhi Public Library
Hit Counter
free hit counter